Auditoría eléctrica en edificio invercar II, piso IV
Presenta un estudio de las cargas de iluminación, tomas y climatización de edificio INVERCARII, piso IV para proponer e implementar medidas de ahorro energético, este proyecto será propuesta ejemplar para los inversionistas que necesiten reducir costos en la facturación eléctrica sin sacri...
| Main Authors: | , |
|---|---|
| Other Authors: | |
| Format: | Tesis Section = Libro |
| Language: | Undetermined Spanish |
| Published: |
Managua
UNI
2011
|
| Subjects: |
| LEADER | 01109nam a2200253Ia 4500 | ||
|---|---|---|---|
| 008 | 240830s9999 xx 000 0 und d | ||
| 040 | |a BIBLIOTECA-RUSB/ Mon 621.3121 P875 | ||
| 041 | |a spa | ||
| 082 | |a Mon 621.3121 P875 | ||
| 100 | 1 | |a Poulson Esquivel, Erick David | |
| 100 | 1 | |b Suazo González, Carlos | |
| 245 | 1 | 0 | |a Auditoría eléctrica en edificio invercar II, piso IV |
| 260 | |a Managua |b UNI |c 2011 | ||
| 300 | |a 125 p. :il. | ||
| 500 | |a Contiene: anexos. | ||
| 502 | |a Tesis (Ingeniero Eléctrico) - UNI, 2011. | ||
| 520 | 3 | |a Presenta un estudio de las cargas de iluminación, tomas y climatización de edificio INVERCARII, piso IV para proponer e implementar medidas de ahorro energético, este proyecto será propuesta ejemplar para los inversionistas que necesiten reducir costos en la facturación eléctrica sin sacrificar la calidad del funcionamiento del edificio comercial | |
| 650 | 7 | |a CONSUMO DE ENERGIA | |
| 650 | 7 | |b ENERGIA ELECTRICA | |
| 650 | 7 | |c AUDITORIA ENERGETICA | |
| 700 | 1 | |a Tutor: |b Blanco Orozco, Napoleón | |
| 942 | |c BK |2 ddc | ||
| 991 | |a TESIS | ||
| 999 | |c 20130 | ||